<?xml version="1.0" encoding="UTF-8"?>
<record
    xmlns:xsi="http://www.w3.org/2001/XMLSchema-instance"
    xsi:schemaLocation="http://www.loc.gov/MARC21/slim http://www.loc.gov/standards/marcxml/schema/MARC21slim.xsd"
    xmlns="http://www.loc.gov/MARC21/slim">

  <leader>00738nam a22001577a 4500</leader>
  <controlfield tag="003">OSt</controlfield>
  <controlfield tag="005">20150924175624.0</controlfield>
  <controlfield tag="008">150924b        xxu||||| |||| 00| 0 eng d</controlfield>
  <datafield tag="040" ind1=" " ind2=" ">
    <subfield code="c">RUA</subfield>
  </datafield>
  <datafield tag="082" ind1=" " ind2=" ">
    <subfield code="a">AGR CHE 2012 B051 Or.1</subfield>
  </datafield>
  <datafield tag="100" ind1=" " ind2=" ">
    <subfield code="9">1296</subfield>
    <subfield code="a">CHEA, RANIN.</subfield>
  </datafield>
  <datafield tag="245" ind1=" " ind2=" ">
    <subfield code="a">Effectiveness on planting tool with dry seed in rain fed lowland and irrigation condition &#x1780;&#x17B6;&#x179A;&#x179C;&#x17B6;&#x1799;&#x178F;&#x17C6;&#x179B;&#x17C3;&#x1794;&#x17D2;&#x179A;&#x179F;&#x17B7;&#x1791;&#x17D2;&#x1792;&#x1797;&#x17B6;&#x1796;&#x17A7;&#x1794;&#x1780;&#x179A;&#x178E;&#x17CD;&#x178A;&#x17B6;&#x17C6;&#x178A;&#x17BB;&#x17C7;&#x1782;&#x17D2;&#x179A;&#x17B6;&#x1794;&#x17CB;&#x179F;&#x17D2;&#x179A;&#x17BC;&#x179C;&#x179F;&#x17D2;&#x1784;&#x17BD;&#x178F;&#x1780;&#x17D2;&#x1793;&#x17BB;&#x1784;&#x179B;&#x1780;&#x17D2;&#x1781;&#x1781;&#x178E;&#x17D2;&#x178C;&#x1794;&#x17D2;&#x179A;&#x1796;&#x17D0;&#x1793;&#x17D2;&#x1792;&#x179F;&#x17D2;&#x179A;&#x17C4;&#x1785;&#x179F;&#x17D2;&#x179A;&#x1796; &#x1793;&#x17B7;&#x1784;&#x179F;&#x17D2;&#x179A;&#x17BC;&#x179C;&#x1794;&#x1784;&#x17D2;&#x1780;&#x17BE;&#x1793;&#x1795;&#x179B;</subfield>
  </datafield>
  <datafield tag="260" ind1=" " ind2=" ">
    <subfield code="a">Phnom Penh</subfield>
    <subfield code="b">RUA</subfield>
    <subfield code="c">2012</subfield>
  </datafield>
  <datafield tag="300" ind1=" " ind2=" ">
    <subfield code="a">x; 37p.</subfield>
    <subfield code="b">ill.</subfield>
    <subfield code="c">29cm.</subfield>
  </datafield>
  <datafield tag="942" ind1=" " ind2=" ">
    <subfield code="2">ddc</subfield>
    <subfield code="c">AGR</subfield>
  </datafield>
  <datafield tag="999" ind1=" " ind2=" ">
    <subfield code="c">1226</subfield>
    <subfield code="d">1226</subfield>
  </datafield>
  <datafield tag="952" ind1=" " ind2=" ">
    <subfield code="0">0</subfield>
    <subfield code="1">0</subfield>
    <subfield code="2">ddc</subfield>
    <subfield code="4">0</subfield>
    <subfield code="6">AGR_CHE_2012_000000000000000_B051_OR_1</subfield>
    <subfield code="7">0</subfield>
    <subfield code="9">5133</subfield>
    <subfield code="a">LBB</subfield>
    <subfield code="b">LBB</subfield>
    <subfield code="c">B052</subfield>
    <subfield code="d">2015-09-24</subfield>
    <subfield code="l">1</subfield>
    <subfield code="o">AGR CHE 2012 B051 Or.1</subfield>
    <subfield code="p">RUA000531</subfield>
    <subfield code="r">2016-09-09</subfield>
    <subfield code="s">2016-08-29</subfield>
    <subfield code="w">2015-09-24</subfield>
    <subfield code="y">AGR</subfield>
  </datafield>
  <datafield tag="952" ind1=" " ind2=" ">
    <subfield code="0">0</subfield>
    <subfield code="1">0</subfield>
    <subfield code="2">ddc</subfield>
    <subfield code="4">0</subfield>
    <subfield code="6">AGR_CHE_2012_000000000000000_B051_OR_2</subfield>
    <subfield code="7">0</subfield>
    <subfield code="9">5354</subfield>
    <subfield code="a">LBB</subfield>
    <subfield code="b">LBB</subfield>
    <subfield code="c">B051</subfield>
    <subfield code="d">2015-09-25</subfield>
    <subfield code="o">AGR CHE 2012 B051 Or.2</subfield>
    <subfield code="p">RUA004775</subfield>
    <subfield code="r">2015-09-25</subfield>
    <subfield code="w">2015-09-25</subfield>
    <subfield code="y">AGR</subfield>
  </datafield>
  <datafield tag="952" ind1=" " ind2=" ">
    <subfield code="0">0</subfield>
    <subfield code="1">0</subfield>
    <subfield code="2">ddc</subfield>
    <subfield code="4">0</subfield>
    <subfield code="6">AGR_CHE_2012_000000000000000_B051_OR_3</subfield>
    <subfield code="7">0</subfield>
    <subfield code="9">5355</subfield>
    <subfield code="a">LBB</subfield>
    <subfield code="b">LBB</subfield>
    <subfield code="d">2015-09-25</subfield>
    <subfield code="l">1</subfield>
    <subfield code="o">AGR CHE 2012 B051 Or.3</subfield>
    <subfield code="p">RUA005900</subfield>
    <subfield code="r">2023-12-01</subfield>
    <subfield code="s">2023-11-14</subfield>
    <subfield code="w">2015-09-25</subfield>
    <subfield code="y">AGR</subfield>
  </datafield>
  <datafield tag="952" ind1=" " ind2=" ">
    <subfield code="0">0</subfield>
    <subfield code="1">0</subfield>
    <subfield code="2">ddc</subfield>
    <subfield code="4">0</subfield>
    <subfield code="6">AGR_CHE_2012_000000000000000_B051_OR_4</subfield>
    <subfield code="7">0</subfield>
    <subfield code="9">5356</subfield>
    <subfield code="a">LBB</subfield>
    <subfield code="b">LBB</subfield>
    <subfield code="d">2015-09-25</subfield>
    <subfield code="l">4</subfield>
    <subfield code="o">AGR CHE 2012 B051 Or.4</subfield>
    <subfield code="p">RUA005957</subfield>
    <subfield code="r">2019-08-14</subfield>
    <subfield code="s">2019-07-19</subfield>
    <subfield code="w">2015-09-25</subfield>
    <subfield code="y">AGR</subfield>
  </datafield>
  <datafield tag="952" ind1=" " ind2=" ">
    <subfield code="0">0</subfield>
    <subfield code="1">0</subfield>
    <subfield code="2">ddc</subfield>
    <subfield code="4">0</subfield>
    <subfield code="6">AGR_CHE_2012_000000000000000_B051_OR_5</subfield>
    <subfield code="7">0</subfield>
    <subfield code="9">5357</subfield>
    <subfield code="a">LBB</subfield>
    <subfield code="b">LBB</subfield>
    <subfield code="d">2015-09-25</subfield>
    <subfield code="l">4</subfield>
    <subfield code="o">AGR CHE 2012 B051 Or.5</subfield>
    <subfield code="p">RUA004683</subfield>
    <subfield code="r">2024-12-19</subfield>
    <subfield code="s">2024-11-25</subfield>
    <subfield code="w">2015-09-25</subfield>
    <subfield code="y">AGR</subfield>
  </datafield>
  <datafield tag="952" ind1=" " ind2=" ">
    <subfield code="0">0</subfield>
    <subfield code="1">0</subfield>
    <subfield code="2">ddc</subfield>
    <subfield code="4">0</subfield>
    <subfield code="6">AGR_CHE_2012_000000000000000_B051_OR_6</subfield>
    <subfield code="7">0</subfield>
    <subfield code="9">5358</subfield>
    <subfield code="a">LBB</subfield>
    <subfield code="b">LBB</subfield>
    <subfield code="d">2015-09-25</subfield>
    <subfield code="o">AGR CHE 2012 B051 Or.6</subfield>
    <subfield code="p">RUA015306</subfield>
    <subfield code="r">2015-09-25</subfield>
    <subfield code="w">2015-09-25</subfield>
    <subfield code="y">AGR</subfield>
  </datafield>
</record>
